Statistiken für Torschützenkönige in der Geschichte des FC Barcelona

Klicken Sie hier um das Quiz zu spielen!

Allgemein

  • Dieses Quiz wurde 90 mal gespielt
  • Das Durchschnittsergebnis liegt bei 4 aus 10

Antwortstatistiken

ToreNationalitätSpieler% Korrekt
672ArgentinienLionel Messi
100%
195UruguayLuis Suárez
94%
130KamerunSamuel Eto'o
81%
130BrasilienRivaldo
46%
122NiederlandePatrick Kluivert
33%
226SpanienCésar Rodríguez
1%
122SpanienCarles Rexach
0%
120SpanienJosep Escolà
0%
193Ungarn / SpanienLászló Kubala
0%
129SpanienMariano Martín
0%

Verteilung der Resultate

Perzentil nach korrekt beantworteten Fragen

Anzahl Personen mit jedem Resultat

Ihre Resultats-Entwicklung

Sie haben dieses Quiz noch nicht gespielt